<?xml version="1.0" encoding="UTF-8"?>
<record
    xmlns:xsi="http://www.w3.org/2001/XMLSchema-instance"
    xsi:schemaLocation="http://www.loc.gov/MARC21/slim http://www.loc.gov/standards/marcxml/schema/MARC21slim.xsd"
    xmlns="http://www.loc.gov/MARC21/slim">

  <leader>00641nam a22001697a 4500</leader>
  <datafield tag="082" ind1=" " ind2=" ">
    <subfield code="a">891.43909</subfield>
    <subfield code="b">PUR</subfield>
  </datafield>
  <datafield tag="100" ind1="p" ind2=" ">
    <subfield code="a">Fateh Puri, Dr Farman</subfield>
  </datafield>
  <datafield tag="245" ind1=" " ind2=" ">
    <subfield code="a">Urdu kay Char Bray Shayar/</subfield>
    <subfield code="c">Dr Farman Fateh Puri</subfield>
  </datafield>
  <datafield tag="260" ind1=" " ind2=" ">
    <subfield code="a">Lahore:</subfield>
    <subfield code="b">Al Waqar Publications,</subfield>
    <subfield code="c">2015.</subfield>
  </datafield>
  <datafield tag="300" ind1=" " ind2=" ">
    <subfield code="a">576p. :</subfield>
    <subfield code="c">25cm.</subfield>
  </datafield>
  <datafield tag="563" ind1=" " ind2=" ">
    <subfield code="a">HB</subfield>
  </datafield>
  <datafield tag="650" ind1=" " ind2=" ">
    <subfield code="a">Urdu poetry &#x2014; History and criticism</subfield>
    <subfield code="9">129714</subfield>
  </datafield>
  <datafield tag="880" ind1=" " ind2=" ">
    <subfield code="6">100-01\(3\r</subfield>
    <subfield code="a">&#x688;&#x627;&#x6A9;&#x679;&#x631; &#x641;&#x631;&#x645;&#x627;&#x646; &#x641;&#x62A;&#x62D; &#x67E;&#x648;&#x631;&#x6CC;</subfield>
  </datafield>
  <datafield tag="880" ind1=" " ind2=" ">
    <subfield code="6">245-02\(3\r</subfield>
    <subfield code="a">&#x627;&#x631;&#x62F;&#x648; &#x6A9;&#x6D2; &#x686;&#x627;&#x631; &#x628;&#x691;&#x6D2; &#x634;&#x627;&#x639;&#x631;/</subfield>
    <subfield code="b">&#x688;&#x627;&#x6A9;&#x679;&#x631; &#x641;&#x631;&#x645;&#x627;&#x646; &#x641;&#x62A;&#x62D; &#x67E;&#x648;&#x631;&#x6CC;</subfield>
  </datafield>
  <datafield tag="880" ind1=" " ind2=" ">
    <subfield code="6">260-03\(3\r</subfield>
    <subfield code="a">&#x644;&#x627;&#x6C1;&#x648;&#x631;</subfield>
    <subfield code="b">&#x627;&#x644; &#x648;&#x642;&#x627;&#x631; &#x67E;&#x628;&#x644;&#x6A9;&#x6CC;&#x634;&#x646;&#x632;</subfield>
    <subfield code="c">2015</subfield>
  </datafield>
  <datafield tag="942" ind1=" " ind2=" ">
    <subfield code="2">ddc</subfield>
    <subfield code="c">BK</subfield>
  </datafield>
  <datafield tag="999" ind1=" " ind2=" ">
    <subfield code="c">614273</subfield>
    <subfield code="d">614273</subfield>
  </datafield>
  <datafield tag="952" ind1=" " ind2=" ">
    <subfield code="0">0</subfield>
    <subfield code="1">0</subfield>
    <subfield code="2">ddc</subfield>
    <subfield code="4">0</subfield>
    <subfield code="6">891_439090000000000_PUR</subfield>
    <subfield code="7">0</subfield>
    <subfield code="9">641530</subfield>
    <subfield code="a">CL</subfield>
    <subfield code="b">CL</subfield>
    <subfield code="d">2025-07-11</subfield>
    <subfield code="l">0</subfield>
    <subfield code="o">891.43909 PUR</subfield>
    <subfield code="p">CL-D-2822</subfield>
    <subfield code="r">2025-07-14</subfield>
    <subfield code="w">2025-07-11</subfield>
    <subfield code="y">BK</subfield>
  </datafield>
</record>
